| 000 | 00537nam a2200169Ia 4500 | ||
|---|---|---|---|
| 008 | 090122s9999 xx 000 0 und d | ||
| 082 |
_b2115 _a891.4683 |
||
| 100 |
_aबल्लाळ _bनरेंद्र |
||
| 245 | _aतेलगू कहाण्या | ||
| 260 |
_bनॅशनल बुक ट्रस्ट _c1974 |
||
| 300 | _a332 | ||
| 600 | _aबल्लाळ | ||
| 630 | _aतेलगू कहाण्या | ||
| 700 | _aबल्लाळ | ||
| 730 | _aतेलगू कहाण्या | ||
| 942 | _cBOOK | ||
| 999 |
_c26193 _d26193 |
||